Hurricane season : (Record no. 776)

MARC details
000 -LEADER
fixed length control field 01626cam a2200337 a 4500
005 - DATE AND TIME OF LATEST TRANSACTION
control field 20260322212033.0
008 - FIXED-LENGTH DATA ELEMENTS--GENERAL INFORMATION
fixed length control field data
010 ## - LIBRARY OF CONGRESS CONTROL NUMBER
LC control number 2007006563
020 ## - INTERNATIONAL STANDARD BOOK NUMBER
International Standard Book Number 9781416540700
020 ## - INTERNATIONAL STANDARD BOOK NUMBER
International Standard Book Number 1416540709
040 ## - CATALOGING SOURCE
Original cataloging agency DLC
Transcribing agency DLC
Modifying agency DLC
043 ## - GEOGRAPHIC AREA CODE
Geographic area code n-us-la
050 00 - LIBRARY OF CONGRESS CALL NUMBER
Classification number GV958.J64
Item number T56 2007
082 00 - DEWEY DECIMAL CLASSIFICATION NUMBER
Classification number 796.332/630976338
Edition information 22
092 ## - LOCALLY ASSIGNED DEWEY CALL NUMBER (OCLC)
Classification number 796.3 T56 2007
001 - CONTROL NUMBER
control field data
100 1# - MAIN ENTRY--PERSONAL NAME
Personal name Thompson, Neal.
245 10 - TITLE STATEMENT
Title Hurricane season :
Remainder of title a coach, his team, and their triumph in the time of Katrina /
Statement of responsibility, etc. Neal Thompson.
250 ## - EDITION STATEMENT
Edition statement 1st Free Press hardcover ed.
260 ## - PUBLICATION, DISTRIBUTION, ETC.
Place of publication, distribution, etc. New York, NY :
Name of publisher, distributor, etc. Free Press,
Date of publication, distribution, etc. 2007.
300 ## - PHYSICAL DESCRIPTION
Extent ix, 308 p. :
Other physical details ill. ;
Dimensions 24 cm.
504 ## - BIBLIOGRAPHY, ETC. NOTE
Bibliography, etc. note Includes bibliographical references (p. 295-296) and index.
505 0# - FORMATTED CONTENTS NOTE
Formatted contents note Patriots' game -- Friday night jamboree -- The maestro -- The birds are gone -- Storm surge -- A liquid funk -- War zone -- Crepe Myrtle -- For the love of the game -- Reentry -- I'm not gonna cancel the game! -- Gunning for Johnnie -- Big Green Indians -- Homecoming -- State.
610 20 - SUBJECT ADDED ENTRY--CORPORATE NAME
Corporate name or jurisdiction name as entry element John Curtis Christian School (River Ridge, La.)
General subdivision Football.
650 #0 - SUBJECT ADDED ENTRY--TOPICAL TERM
Topical term or geographic name entry element Football
General subdivision Social aspects
Geographic subdivision River Ridge.
-- River Ridge.
650 #0 - SUBJECT ADDED ENTRY--TOPICAL TERM
Topical term or geographic name entry element Hurricane Katrina, 2005
General subdivision Social aspects.
856 41 - ELECTRONIC LOCATION AND ACCESS
Materials specified Table of contents only
Uniform Resource Identifier <a href="http://www.loc.gov/catdir/toc/ecip0711/2007006563.html">http://www.loc.gov/catdir/toc/ecip0711/2007006563.html</a>
856 42 - ELECTRONIC LOCATION AND ACCESS
Materials specified Publisher description
Uniform Resource Identifier <a href="http://www.loc.gov/catdir/enhancements/fy0804/2007006563-d.html">http://www.loc.gov/catdir/enhancements/fy0804/2007006563-d.html</a>
856 41 - ELECTRONIC LOCATION AND ACCESS
Materials specified Sample text
Uniform Resource Identifier <a href="http://www.loc.gov/catdir/enhancements/fy0804/2007006563-s.html">http://www.loc.gov/catdir/enhancements/fy0804/2007006563-s.html</a>
856 42 - ELECTRONIC LOCATION AND ACCESS
Materials specified Contributor biographical information
Uniform Resource Identifier <a href="http://www.loc.gov/catdir/enhancements/fy0904/2007006563-b.html">http://www.loc.gov/catdir/enhancements/fy0904/2007006563-b.html</a>
Holdings
Withdrawn status Lost status Damaged status Not for loan Home library Current library Shelving location Date acquired Total checkouts Full call number Barcode Date last seen Price effective from Koha item type
        Fairview Fairview General stacks 22/03/2026   796.332/630976338 22 BC0010796 22/03/2026 22/03/2026 Books